| Tag |
First Indicator |
Second Indicator |
Subfields |
| LEADER |
00000cam a2200000 i 4500 |
| 001 |
in00000007203 |
| 005 |
20151005050056.0 |
| 008 |
760528s1973 wb b 00010 ger |
| 010 |
|
|
|a 74318621
|
| 035 |
|
|
|a (OCoLC)02199490
|
| 035 |
|
|
|9 AAA1681AM
|
| 040 |
|
|
|a DLC
|c JHE
|d TXA
|d UtOrBLW
|
| 049 |
|
|
|a TXAM
|c [A12562015]
|
| 050 |
0 |
0 |
|a PJ1064.G68
|b A3 1973
|
| 100 |
1 |
|
|a Grapow, Hermann,
|d 1885-1967.
|
| 245 |
1 |
0 |
|a Meine Begegnung mit einigen Ägyptologen /
|c Hermann Grapow.
|
| 264 |
|
1 |
|a Berlin :
|b Seitz,
|c [1973?]
|
| 300 |
|
|
|a 75 pages ;
|c 19 cm.
|
| 336 |
|
|
|a text
|b txt
|2 rdacontent
|
| 337 |
|
|
|a unmediated
|b n
|2 rdamedia
|
| 338 |
|
|
|a volume
|b nc
|2 rdacarrier
|
| 504 |
|
|
|a Bibliography: pages 72-73.
|
| 500 |
|
|
|a Errata slip inserted.
|
| 600 |
1 |
0 |
|a Grapow, Hermann,
|d 1885-1967.
|
| 650 |
|
0 |
|a Egyptology
|x Biography.
|
| 999 |
|
|
|a MARS
|
| 999 |
f |
f |
|s 57d8b969-112d-3f31-a77b-78276f9f8eba
|i 07ffebfa-8d84-3844-ad14-f2376bfec8e5
|t 0
|
| 952 |
f |
f |
|p ric
|a Texas A&M University
|b Rellis Campus
|c Joint Library Facility
|d Remote Storage
|t 0
|e PJ1064.G68 A3 1973
|h Library of Congress classification
|i unmediated -- volume
|m A14812562015
|
| 998 |
f |
f |
|a PJ1064.G68 A3 1973
|t 0
|l Remote Storage
|